| 000 | 00699nam a2200181Ia 4500 | ||
|---|---|---|---|
| 008 | 090124s9999 xx 000 0 und d | ||
| 082 | _b12922 | ||
| 100 | _aक्षीरसागर श्रीकृष्ण केशव | ||
| 245 | _a व्यक्ति आणि वाड्.मय | ||
| 250 | _a1 | ||
| 260 |
_bजोशी य. गो. _c1937 |
||
| 300 | _a149 | ||
| 600 | _aक्षीरसागर श्रीकृष्ण केशव | ||
| 630 | _a व्यक्ति आणि वाड्.मय | ||
| 700 | _aक्षीरसागर श्रीकृष्ण केशव | ||
| 730 | _a व्यक्ति आणि वाड्.मय | ||
| 942 | _cBOOK | ||
| 999 |
_c87321 _d87321 |
||